Zambian manpower (Record no. 83424)

MARC details
000 -LEADER
fixed length control field 00792nam a2200169 a 4500
008 - FIXED-LENGTH DATA ELEMENTS--GENERAL INFORMATION
fixed length control field 081119s1969 ||||||||||||||||| || u
050 ## - LIBRARY OF CONGRESS CALL NUMBER
Classification number GOV.ZAM(02)
110 ## - MAIN ENTRY--CORPORATE NAME
Corporate name or jurisdiction name as entry element Government of the Republic of Zambia (GRZ)
245 10 - TITLE STATEMENT
Title Zambian manpower
Statement of responsibility, etc. By the Development Division. Office of the Vice-President
260 ## - PUBLICATION, DISTRIBUTION, ETC.
Place of publication, distribution, etc. Lusaka
Name of publisher, distributor, etc. Government Printer
Date of publication, distribution, etc. 1969
300 ## - PHYSICAL DESCRIPTION
Extent vi, 122p:ill.
350 ## -
-- 0.00
650 ## - SUBJECT ADDED ENTRY--TOPICAL TERM
Topical term or geographic name entry element LABOR SUPPLY -- ZAMBIA
650 ## - SUBJECT ADDED ENTRY--TOPICAL TERM
Topical term or geographic name entry element HUMAN RESOURCES DEVELOPMENT--ZAMBIA
995 ## -
-- SPECIAL COLLECTIONS
-- 0.00
-- 700861
-- CBU-MAIN LIBRARY (Kitwe)
-- 1
-- 0.00
-- GOV.ZAM(02)1969/1A
-- 1
-- AVAILABLE
-- Nov 19, 2008
-- 03003155
-- Zambiana Collection
995 ## -
-- SPECIAL COLLECTIONS
-- 1635
-- CBU-MAIN LIBRARY (Kitwe)
-- 0.00
-- GOV.ZAM(02)1969/1B
-- 2
-- AVAILABLE
-- Sep 18, 2014
-- B1635
-- Zambiana Collection
999 ## -
-- 83424
-- 83424
Holdings
Withdrawn status Lost status Source of classification or shelving scheme Damaged status Not for loan Permanent Location Current Location Shelving location Date acquired Total Checkouts Full call number Barcode Date last seen Copy number Price effective from Koha item type
          CBU-MAIN LIBRARY, KITWE. CBU-MAIN LIBRARY, KITWE.   10/30/2023   GOV.ZAM(02)1969/1A 03003155 10/30/2023 1 10/30/2023 SPECIAL COLLECTION
          CBU-MAIN LIBRARY, KITWE. CBU-MAIN LIBRARY, KITWE.   10/30/2023   GOV.ZAM(02)1969/1B B1635 10/30/2023 2 10/30/2023 SPECIAL COLLECTION